Quiz zur Mülltrennung - Statistiken

Allgemein
  • Dieses Quiz wurde 54 mal gespielt
  • Das Durchschnittsergebnis liegt bei 8 aus 10
Antwortstatistiken
Frage Antwort % Korrekt
Wo werden fettige Pizzakartons mit Essensresten entsorgt? Im Restmüll
94%
Welche Essensreste kommen nicht in den Biomüll? Fette/Öle
90%
Wo gehören pflanzliche Speisereste hin? In den Biomüll
86%
Wo werden Batterien entsorgt? Kleine Batterien im markierten Mülleimer im Flur, große in der Sammelstelle im Müllraum
86%
Wo werden alte Kabel entsorgt? Kabel-Sammelstelle im Müllraum
84%
Wo werden entleerte Flaschen für Putzmittel oder Körperpflegemittel entsorgt? Im Plastikmüll
76%
Wie müssen Teebeutel entsorgt werden? Im Biomüll, wenn aus Naturfaser und ohne Metallklammer
72%
Wie entsorge ich saubere Pizzakartons richtig? Im Papiermüll
70%
Was darf in den Mülleimer im Büro? Nur Papier
60%
Wie werden die benutzten Becher vom Kaffeeautomaten entsorgt? In den jeweiligen Sammelständern neben dem Automat
38%
Keine übereinstimmenden Quizze gefunden
Verteilung der Resultate
Anzahl Personen mit jedem Resultat
Perzentil nach korrekt beantworteten Fragen
Ihre Resultats-Entwicklung
Sie haben dieses Quiz noch nicht gespielt